| 000 | 00968nas a2200313 4500 | ||
|---|---|---|---|
| 001 | BR0902946 | ||
| 003 | BR-BrBNA | ||
| 005 | 20231205113422.0 | ||
| 007 | ta | ||
| 008 | 230509b bl.|||p| |||| 00| 00por d | ||
| 040 |
_aBR-BrBNA _bpor _cBiblioteca Nacional de Agricultura |
||
| 041 | _a(Pt) | ||
| 072 | _aF63 | ||
| 100 | 1 | _aSandy, E.C. | |
| 100 | 1 | _aBotelho, C.E. | |
| 100 | 1 | _aCarvalho, A.M. de | |
| 100 | 1 | _aGuimarães, R.J. | |
| 100 | 1 | _aCarvalho, G.R. | |
| 100 | 1 | _aMagalhães, M.M. | |
| 245 | 1 | _aProdução de frutos de cafeeiros (Coffea arabica L.)em diferentes posições e orientações de ramos plagiotrópicos | |
| 650 | _aCAFÉ | ||
| 650 | _aFLORAÇÃO | ||
| 650 | _aFRUTIFICAÇÃO | ||
| 650 | _aFRUTO | ||
| 773 | 0 |
_tCoffee Science (Brazil) _xISSN 1809-6875 _g(Jan-Jun 2009), v. 4(1) p. 35-40 _wBR0902946 |
|
| 856 | 4 | 0 | _uhttp://www.aprh.pt/rgci/pdf/rgci-155_Borges.pdf |
| 909 |
_a202311 _bLúcia _c55 _dLúcia Elande |
||
| 942 |
_2AGRIS _n0 _cANA |
||
| 999 |
_c203669 _d203669 |
||